England - K & L - Statistics

General Stats
  • This quiz has been taken 30 times
    29 since last reset
  • The average score is 8 of 13
Answer Stats
Hint Answer % Correct
City in Yorkshire Leeds
100%
Capital of England and the UK London
100%
Cilla Black, The Beatles, Gerry and the Pacemakers Liverpool
96%
County in the south east Kent
91%
Gardens in south west London Kew
91%
City where the remains of Richard III were found Leicester
83%
White rose city in the north west Lancaster
65%
Actor Williams, Sports commentator Wolstenhulme Kenneth
57%
Shade of green made popular by Robin Hood Lincoln
43%
English vehicle first launched at the 1948 Amsterdam Motor show Land Rover
26%
Town in Northamptonshire Kettering
22%
City just north of Birmingham and my city of birth Lichfield
22%
Nickname of Tudor playwright Christopher Marlowe Kit
13%
No matching quizzes found
Score Distribution
Percent of People with Each Score
Percentile by Number Answered
Your Score History
You have not taken this quiz since the last reset